00667nam a22001457a 4500008004100000020001800041050002200059100001900081245020600100260004900306300005400355521002000409650005100429650004100480170121b xxu||||| |||| 00| 0 eng d a9780812378689 aLB 1031 .W75 1994 aBlau, Sheridan aThe writer's craft/c senior author, Sheridan Blau ; consulting author, Peter Elbow ; special contributing authors, Don Killgallon, Rebekah Caplan ; senior consultants, Arthur Applebee, Judith Langer. aEvanston, Ill. :bMcDougal, Littell, c1994. a3 volumes :b illustrations (some color) ;c24cm. aIncludes index. aEnglish language -- Composition and exercises. aEnglish language -- Grammar -- 1950-